000 01051njm a2200301Ia 4500
001 89964
003 IT-RoPAU
005 20220918181144.0
008 131025s9999 xx 000 0 und d
040 _aIT-RoPAU
040 _cIT-RoPAU
041 _aINGLESE
999 _c101516
_d101516
999 _bn.d.
100 _aDylan Bob
_91185
100 _eAutore musica
_927023
100 _gCodice autore musica SPICS: 7026
_91187
245 _aUnder the Red Sky
250 _a1a ed.
260 _aHOLLAND
260 _bCBS
_c1990 [1a Ed.:1990 - Ed. Lingua Orig.: 1990]
300 _aCOMPACT DISC
500 _aMusica pop. Cantautore
505 _aWiggle Wiggle - Under the Red Sky - Unbelievable - Born In Time - T.V. Talkin' Song - 10.000 Men - 2 X 2 - God Knows - Handy Dandy - Cat's In the Well
650 _aCANTAUTORI [COMPACT DISC]
_eCodice MATERIA SPICS: 9949
_916479
700 _aDylan Bob
_eAutore testo e musica
_gCodice autore testo/musica SPICS: 7026
_927024
700 _aDylan Bob
_gCodice interprete SPICS: 7026
_eInterprete
_94281
942 _cCD
_2ddc